000 00719nam a22001937a 4500
001 57786
005 20260429181615.0
008 260429b |||||||| |||| 00| 0 eng d
020 _a9789849590767
040 _aBD-DhIUB
_cBD-DhIUB
_dBD-DhIUB
082 _222
_a338.95492
_bK452o
100 _aKhan, Akbar Ali
_d1944-
_94337
245 _aঅন্ধকারের উৎস হতে :
_bসাহিত্য, সমাজ, পরিবেশ ও অর্থনীতি সম্পর্কে আলোর সন্ধান /
_cআকবর আলি খান
260 _aDhaka:
_bPathak Shamabesh,
_c2022
300 _a252p. :
_c24 cm.
526 _aLIB
_lGEN
650 0 _aEconomics
_96771
942 _2ddc
_cBK
999 _c57786
_d57960